Periconia leaf spotting and blight of Hevea brasiliensis: A new disease from India (Record no. 46153)

MARC details
000 -LEADER
fixed length control field 00317nam a2200109Ia 4500
100 ## - MAIN ENTRY--AUTHOR NAME
Personal name Mehrothra MD
245 #0 - TITLE STATEMENT
Title Periconia leaf spotting and blight of Hevea brasiliensis: A new disease from India
260 ## - PUBLICATION, DISTRIBUTION, ETC. (IMPRINT)
Name of publisher Indian Forester
Year of publication 1988
300 ## - PHYSICAL DESCRIPTION
Number of Pages 405-409
942 ## - ADDED ENTRY ELEMENTS (KOHA)
Koha item type Reprints
Holdings
Withdrawn status Lost status Damaged status Not for loan Home library Current library Date acquired Serial Enumeration / chronology Koha item type
      Reprints RRII Library RRII Library 22/12/2021 Volume July, Issue Reprints